El Irreversible auge del comercio de servicios
Enregistré dans:
| Format: | Texte |
|---|---|
| Sujets: | |
| Tags: |
Ajouter un tag
Pas de tags, Soyez le premier à ajouter un tag!
|
MARC
| LEADER | 00000 a a2200000 04500 | ||
|---|---|---|---|
| 001 | 2536 | ||
| 003 | |||
| 040 | |||
| 245 | |a El Irreversible auge del comercio de servicios | ||
| 650 | |a SECTOR TERCIARIO | ||
| 650 | |a POLITICA COMERCIAL | ||
| 650 | |a EXPORTACIONES | ||
| 650 | |a SECTOR TERCIARIO | ||
| 773 | |g número 52; páginas 151-159 | ||
| 999 | |c 34465 |d 34465 | ||
